Күкеле сәгать (Запись № 13536252)

Подробности
000 -МАРКЕР
контрольное поле 01793nam0a2200325 4500
001 - ИДЕНТИФИКАТОР ЗАПИСИ
контрольное поле RU\NLR\BIBL_A\022702072
005 - ИДЕНТИФИКАТОР ВЕРСИИ
контрольное поле 20260123105226.0
010 ## - МЕЖДУНАРОДНЫЙ СТАНДАРТНЫЙ НОМЕР КНИГИ (ISBN)
Номер (ISBN) 978-5-295-08221-4
Тираж 500
021 ## - НОМЕР ГОСУДАРСТВЕННОЙ РЕГИСТРАЦИИ
Код страны Российская Федерация
Номер КН-П-25-062129
Номер Листа государственной регистраци КН-П-25-6006
035 ## - ДРУГИЕ СИСТЕМНЫЕ НОМЕРА
Идентификатор записи (NLR Aleph) 022702072
100 ## - ДАННЫЕ ОБЩЕЙ ОБРАБОТКИ
Данные общей обработки 20260116d2025 b y0rusy50 ca
101 0# - ЯЗЫК РЕСУРСА
Язык текста, звукозаписи и т.д. татарский
102 ## - СТРАНА ПУБЛИКАЦИИ ИЛИ ПРОИЗВОДСТВА
Страна публикации Российская Федерация
105 ## - ПОЛЕ КОДИРОВАННЫХ ДАННЫХ: ТЕКСТОВЫЕ МАТЕРИАЛЫ, МОНОГРАФИЧЕСКИЕ
Кодированные данные о монографическом текстовом документе ac z 000 y
181 #0 - ПОЛЕ КОДИРОВАННЫХ ДАННЫХ: ВИД СОДЕРЖАНИЯ
Код вида содержания (ISBD) i
Код характеристики содержания (ISBD) axxe
182 #0 - ПОЛЕ КОДИРОВАННЫХ ДАННЫХ: ТИП СРЕДСТВА
Код типа средства (ISBD) n - непосредственное
200 1# - ЗАГЛАВИЕ И СВЕДЕНИЯ ОБ ОТВЕТСТВЕННОСТИ
Основное заглавие Күкеле сәгать
Сведения, относящиеся к заглавию [балалар өчен шигырьләр]
Первые сведения об ответственности Клара Сәфәрова
Последующие сведения об ответственности [рәссамы Марат Гайнетдинов]
203 ## - ВИД СОДЕРЖАНИЯ И ТИП СРЕДСТВА
Вид содержания Текст
Дополнительные сведения об издании визуальный
Тип средства непосредственный
210 ## - ПУБЛИКАЦИЯ, РАСПРОСТРАНЕНИЕ И ДР.
Место издания, распространения и т.д. Уфа
Имя издателя, распространителя и т. д. Китап
Дата издания, распространения и т.д. 2025
215 ## - ФИЗИЧЕСКАЯ ХАРАКТЕРИСТИКА
Специфическое обозначение материала и объем 94,[1] б.
Другие сведения о физической характеристике портр., цв. ил.
Размеры 22
423 #0 - ИЗДАЕТСЯ В ОДНОЙ ОБЛОЖКЕ ВМЕСТЕ С ...
Встроенное поле 2001#$aҮсәсе килә$e[балалар өчен шигырьләр, әкиятләр]$fРәлиф Шәгали
-- 210##$aУфа$d2025
-- 215##$aС. 35-93$cпортр., цв. ил.
-- 300##$aВ вып. дан. авт.: Ралиф Шагали (Шагалиев Ралиф Имамразыевич)
-- 700#1$aШәгали$bР.$f1957-$gРәлиф
-- 702#1$aГайнетдинов$bМ.$gМарат$4440
-- 5411#$aХочу расти$e[стихи для детей, сказки].$zrus$6z01790
-- 6891#$aШ9(2)6=Татар я44
-- 790#1$aШагали$bР.$gРалиф$4070$6z01541
541 1# - ПЕРЕВОД ЗАГЛАВИЯ, СДЕЛАННЫЙ КАТАЛОГИЗАТОРОМ
Связь между полями z01790
Заглавие Часы с кукушкой
Сведения, относящиеся к заглавию [стихи для детей].
Язык заглавия русский
686 1# - ИНДЕКСЫ ДРУГИХ КЛАССИФИКАЦИЙ
Индекс Ш9(2)6=Татар-5
700 #1 - ИМЯ ЛИЦА - ПЕРВИЧНАЯ ОТВЕТСТВЕННОСТЬ
Начальный элемент ввода Сәфәрова
Часть имени, кроме начального элемента ввода К. М. кызы
Даты 1953-
Расширение инициалов личного имени Клара Мисбах кызы
Код отношения Автор
702 #1 - ИМЯ ЛИЦА - ВТОРИЧНАЯ ОТВЕТСТВЕННОСТЬ
Начальный элемент ввода Гайнетдинов
Часть имени, кроме начального элемента ввода М.
Расширение инициалов личного имени Марат
Код отношения Иллюстратор
790 #1 - ИМЯ ЛИЦА - АЛЬТЕРНАТИВНАЯ ФОРМА
Связь между полями z01541
Начальный элемент ввода Сафарова
Часть имени, кроме начального элемента ввода К. М.
Расширение инициалов личного имени Клара Мисбаховна
Код отношения Автор
942 ## - ДОПОЛНИТЕЛЬНЫЕ ЭЛЕМЕНТЫ ЗАПИСИ (АБИС)
Тип экземпляра АБИС Книга
980 ## - КОЛЛЕКЦИЯ
Название коллекции Национальная библиография

Нет доступных экземпляров.